<?xml version="1.0" encoding="UTF-8"?>
<record
    xmlns:xsi="http://www.w3.org/2001/XMLSchema-instance"
    xsi:schemaLocation="http://www.loc.gov/MARC21/slim http://www.loc.gov/standards/marcxml/schema/MARC21slim.xsd"
    xmlns="http://www.loc.gov/MARC21/slim">

  <leader>02013nam a2200337 i 4500</leader>
  <controlfield tag="003">DO-SdBNP</controlfield>
  <controlfield tag="005">20250602113424.0</controlfield>
  <controlfield tag="007">ta</controlfield>
  <controlfield tag="008">250602b2024    dr abc|| |||| 00| 0 spa d</controlfield>
  <datafield tag="040" ind1=" " ind2=" ">
    <subfield code="a">DO-SdBNP</subfield>
    <subfield code="b">spa</subfield>
    <subfield code="c">BNPHU</subfield>
    <subfield code="e">rda</subfield>
  </datafield>
  <datafield tag="041" ind1=" " ind2=" ">
    <subfield code="a">spa</subfield>
  </datafield>
  <datafield tag="082" ind1=" " ind2="4">
    <subfield code="a">xxx</subfield>
    <subfield code="b">F294L 2024</subfield>
    <subfield code="2">22</subfield>
  </datafield>
  <datafield tag="110" ind1=" " ind2=" ">
    <subfield code="a">Federaci&#xF3;n Dominicana de municipios</subfield>
    <subfield code="9">81790</subfield>
  </datafield>
  <datafield tag="245" ind1="1" ind2="0">
    <subfield code="a">Logros de fedomu 2024 /</subfield>
    <subfield code="c">Federaci&#xF3;n Dominicana de Municipios ; redacci&#xF3;n, Cintya Aquino, F&#xE9;lix Santos, Yvelisse B&#xE1;ez ; revisi&#xF3;n y estilo, Eladio Pichardo, Magdalena D&#xED;az de Mazara ; fotograf&#xED;as, Jonathan Aquino ; dise&#xF1;o gr&#xE1;fico, Breanna Rodr&#xED;guez</subfield>
  </datafield>
  <datafield tag="264" ind1=" " ind2=" ">
    <subfield code="a">Santo Domingo, Rep&#xFA;blica Dominicana :</subfield>
    <subfield code="b">Federaci&#xF3;n Dominicana de Municipios (Fedomu), </subfield>
    <subfield code="c">2024.</subfield>
  </datafield>
  <datafield tag="300" ind1=" " ind2=" ">
    <subfield code="a">115 p&#xE1;ginas :</subfield>
    <subfield code="b">ilustraciones, fotograf&#xED;as, mapas ;</subfield>
    <subfield code="c">23 cm.</subfield>
  </datafield>
  <datafield tag="336" ind1=" " ind2=" ">
    <subfield code="a">texto</subfield>
    <subfield code="b">txt</subfield>
    <subfield code="2">rdacontent</subfield>
  </datafield>
  <datafield tag="337" ind1=" " ind2=" ">
    <subfield code="a">sin mediaci&#xF3;n </subfield>
    <subfield code="b">n</subfield>
    <subfield code="2">rdamedia</subfield>
  </datafield>
  <datafield tag="338" ind1=" " ind2=" ">
    <subfield code="a">volumen  </subfield>
    <subfield code="b">nc</subfield>
    <subfield code="2">rdacarrier</subfield>
  </datafield>
  <datafield tag="505" ind1=" " ind2=" ">
    <subfield code="a">Palabras del presidente, 9.-- Palabras de la directora ejecutiva, 10.-- Palabras del pasado presidente, 11.-- Filosof&#xED;a institucional, 12.-- XXII Asamblea General de Municipios y conformaci&#xF3;n del consejo directivo 2022-2024, 15.-- Incidencia para el posicionamiento de los municipios y la protecci&#xF3;n de la autonom&#xED;a local, 21.-- Articulaci&#xF3;n interinstitucional, 33.-- Capacitaci&#xF3;n, acompa&#xF1;amiento y asistencia t&#xE9;cnica, 43.-- Proyectos de cooperaci&#xF3;n, 63.-- Relaciones internacionales, 83.-- Fortalecimiento institucional, 99.-- Fedomu en el territorio, 109.-- Publicaciones, 114.</subfield>
  </datafield>
  <datafield tag="590" ind1=" " ind2=" ">
    <subfield code="a">Inventariado, 2025 /LP</subfield>
  </datafield>
  <datafield tag="700" ind1="1" ind2=" ">
    <subfield code="a">Aquino, Cintya</subfield>
    <subfield code="e">redactor</subfield>
    <subfield code="4">red.</subfield>
    <subfield code="9">81451</subfield>
  </datafield>
  <datafield tag="700" ind1="1" ind2=" ">
    <subfield code="a">Santos, F&#xE9;lix</subfield>
    <subfield code="e">redactor</subfield>
    <subfield code="4">red.</subfield>
    <subfield code="9">6962</subfield>
  </datafield>
  <datafield tag="700" ind1="1" ind2=" ">
    <subfield code="a">B&#xE1;ez, Yvelisse</subfield>
    <subfield code="e">redactor</subfield>
    <subfield code="4">red.</subfield>
    <subfield code="9">87943</subfield>
  </datafield>
  <datafield tag="700" ind1="1" ind2=" ">
    <subfield code="a">D&#xED;az de Mazara, Magdalena</subfield>
    <subfield code="e">revisi&#xF3;n</subfield>
    <subfield code="4">rev.</subfield>
    <subfield code="9">87944</subfield>
  </datafield>
  <datafield tag="700" ind1="1" ind2=" ">
    <subfield code="a">Pichardo, Eladio</subfield>
    <subfield code="e">revisi&#xF3;n </subfield>
    <subfield code="4">rev.</subfield>
    <subfield code="9">87945</subfield>
  </datafield>
  <datafield tag="700" ind1="1" ind2=" ">
    <subfield code="a">Aquino, Jonathan</subfield>
    <subfield code="e">fot&#xF3;grafo </subfield>
    <subfield code="4">fot.</subfield>
    <subfield code="9">81454</subfield>
  </datafield>
  <datafield tag="700" ind1="1" ind2=" ">
    <subfield code="a">Rodr&#xED;guez, Breanna</subfield>
    <subfield code="e">dise&#xF1;ador</subfield>
    <subfield code="4">di.</subfield>
    <subfield code="9">87940</subfield>
  </datafield>
  <datafield tag="910" ind1=" " ind2=" ">
    <subfield code="a">LP</subfield>
  </datafield>
  <datafield tag="942" ind1=" " ind2=" ">
    <subfield code="2">ddc</subfield>
    <subfield code="c">LBS1</subfield>
  </datafield>
  <datafield tag="952" ind1=" " ind2=" ">
    <subfield code="0">0</subfield>
    <subfield code="1">0</subfield>
    <subfield code="2">ddc</subfield>
    <subfield code="5">1</subfield>
    <subfield code="7">0</subfield>
    <subfield code="8">PD</subfield>
    <subfield code="a">BNPHU</subfield>
    <subfield code="b">BNPHU</subfield>
    <subfield code="c">CT</subfield>
    <subfield code="d">2025-02-05</subfield>
    <subfield code="e">Dep&#xF3;sito Legal</subfield>
    <subfield code="l">0</subfield>
    <subfield code="o">xxx F294L 2024</subfield>
    <subfield code="p">2025-2859</subfield>
    <subfield code="r">2025-04-08</subfield>
    <subfield code="w">2025-04-08</subfield>
    <subfield code="y">LBS1</subfield>
  </datafield>
  <datafield tag="952" ind1=" " ind2=" ">
    <subfield code="0">0</subfield>
    <subfield code="1">0</subfield>
    <subfield code="2">ddc</subfield>
    <subfield code="5">1</subfield>
    <subfield code="7">0</subfield>
    <subfield code="8">PD</subfield>
    <subfield code="a">BNPHU</subfield>
    <subfield code="b">BNPHU</subfield>
    <subfield code="c">CT</subfield>
    <subfield code="d">2025-02-05</subfield>
    <subfield code="e">Dep&#xF3;sito Legal</subfield>
    <subfield code="l">0</subfield>
    <subfield code="o">xxx F294L 2024</subfield>
    <subfield code="p">2025-2860</subfield>
    <subfield code="r">2025-04-08</subfield>
    <subfield code="t">e.2</subfield>
    <subfield code="w">2025-04-08</subfield>
    <subfield code="y">LBS1</subfield>
  </datafield>
  <datafield tag="999" ind1=" " ind2=" ">
    <subfield code="c">58657</subfield>
    <subfield code="d">58657</subfield>
  </datafield>
</record>
